00245nam a2200097Ia 4500008004100000100001600041245003600057260003000093300000800123650001600131191201s2010 xx 000 0 und d aKULKARNI, M 0aMicrowave and Radar Engineering aN. DelhibUMESH PUBc2010 a677 aB.Tech(ECE)